| 000 | 01232cam a22003257a 4500 | ||
|---|---|---|---|
| 003 | CHAP | ||
| 005 | 20220329141511.0 | ||
| 008 | 971013s1986 r 00010 d | ||
| 010 | _a69151 | ||
| 011 | _a70123 | ||
| 035 | _a79603 | ||
| 040 | _cCHAP | ||
| 090 | _aTesis | ||
| 100 | 0 | 0 |
_aFlores Bautista, Nereida. _941451 |
| 245 | 0 | _aEvaluación financiera del cultivo del crisantemo (Crisantemum spp.) en la Cooperativa Agropecuaria 'Altmella' Sta. Catarina del Monte, Municipio de Texcoco, Estado de México | |
| 260 |
_aChapingo, Méx. : _bEl autor, _c1986 |
||
| 300 | _a61 h. | ||
| 502 | _aTesis (Ing. Agrónomo esp. en Economía Agrícola) -- UACH. Departamento de Economía Agrícola | ||
| 590 |
_aALEPH _b10 _c20130110 _lUCH01 _h1407 |
||
| 590 |
_aBATCH-UPD _b10 _c20130110 _lUCH01 _h0832 |
||
| 590 |
_aBATCH-UPD _b10 _c20130410 _lUCH01 _h0510 |
||
| 590 |
_aBATCH-UPD _b10 _c20130914 _lUCH01 _h1058 |
||
| 590 |
_aCONVERSION _b10 _c20130109 _lUCH01 _h1338 |
||
| 650 | 1 | 4 |
_aCrisantemo _xMercadeo. _928959 |
| 650 | 1 | 4 |
_aFloricultura _xAspectos económicos _xMéxico (Edo.) _941825 |
| 710 | 0 |
_aUACH. Departamento de Economía Agrícola. _9115862 |
|
| 901 | _aBK | ||
| 942 | _cTESIS | ||
| 949 |
_bBC _cTES _d-32492 _eTS1 _h21544 _i79603 _si |
||
| 999 |
_c69151 _d69151 |
||